Historical Communist African States - Statistics

General Stats
  • This quiz has been taken 19 times
    14 since last reset
  • The average score is 24 of 33
Answer Stats
Existed Type Answer % Correct
1983-1987 Sankarist Burkina Faso
100%
1975-1992 M-L People's Republic of Angola
100%
1962-1989 Arab People's Democratic Republic of Algeria
93%
1974–1991 M-L People's Democratic Republic of Ethiopia
93%
1975-1990 M-L People's Republic of Mozambique
93%
1956-1970 Arab Republic of Egypt
93%
1960-1968 P-A Republic of Mali
93%
1957–1958 Socialist Republic of Niger
93%
1964-1991 Humanist Republic of Zambia
93%
1969-1991 Scientific Somali Democratic Republic
93%
1991-Present Socialist State of Eritrea
93%
1975-1992 Scientific Democratic Republic of Madagascar
86%
1969-1992 M-L People's Republic of the Congo
86%
1966–1976 P-A Republic of Burundi
86%
1960-2000 Humanist Republic of Senegal
86%
1977-2011 Arab Socialist People's Libyan Arab Jamahiriya
86%
1967-1985 Ujamaa United Republic of Tanzania
86%
1963-1974 M-L Liberated Zones of Guinea-Bissau
79%
1974-1990 M-L People's Republic of Benin
79%
1958-1984 Scientific People's Revolutionary Republic of Guinea
79%
1957-1966 Nkrumaist Republic of Ghana
79%
1974-1991 M-L Republic of Guinea-Bissau
79%
1981 P-A National Revolutionary Council of The Gambia
71%
1975-1981 M-L Republic of Cape Verde
71%
1968–1979 Socialist Republic of Equatorial Guinea
71%
1964-1969 Destourian Republic of Tunisia
71%
1977-1991 M-L Republic of Seychelles
64%
1983-2013 M-L Republic of South Sudan
64%
1964 Socialist People's Republic of Zanzibar
43%
1976-Present Arab Sahrawi Arab Democratic Republic
14%
1922 Soviet Rand Soviet
7%
1975-1976 Socialist Republic of Cabinda
7%
1960-1962 Lumumbist Republic of South Kasai
7%
No matching quizzes found
Score Distribution
Percent of People with Each Score
Percentile by Number Answered
Your Score History
You have not taken this quiz since the last reset